• 首页
  • 本馆介绍
  • 公告通知
  • 最新文献
  • 馆藏检索
  • 电子资源
  • 读者导购
  • 参考咨询
  • 我的图书馆
  • 登录
  • 详细信息显示
  • 放入我的书架
  • 预约/预借图书
  • 作者相关作品
  • 分类相关作品
  • 丛书相关作品
  • 出版社相关作品

书目信息

  • 表格格式
  • 工作单格式
  • 卡片格式
题名:
电机实验指导书
    
 
作者: 朱彦利 , 李明星 , 谢胜利 编
分册:  
出版信息: 北京   中国电力出版社  2009.03
页数: 130页
开本: 26cm
丛书名:
单 册:
中图分类: TM306
科图分类:
主题词: 电机 , 电机--实验--高等教育--教材
电子资源:
ISBN: 978-7-5083-8436-8
000 01028nam0 2200313 450
001 004143548
005 20090518171623.0
010    @a978-7-5083-8436-8@dCNY16.00
090    @aTM3@blmx
096    @aTM3@blmx
100    @a20090511d2009 em y0chiy50 ea
101 0  @achi
102    @aCN@b110000
105    @ay z 000yy
200 1  @a电机实验指导书@b专著@f李明星,谢胜利,朱彦利编@9dian ji shi yan zhi dao shu
210    @a北京@c中国电力出版社@d2009.03
215    @a130页@d26cm
300    @a普通高等教育实验实训规划教材 电力技术类
330    @a本书共分八章,主要内容包括:实验要求、认识实验、变压器实验、直流电机实验、异步电动机实验、同步电机实验、电机拖动控制线路实验和交直流调速系统实验。
606 0  @a电机
606 0  @a电机@x实验@x高等教育@j教材
690    @aTM306@v5
701  0 @a朱彦利@4编@9zhu yan li
701  0 @a李明星@4编@9li ming xing
701  0 @a谢胜利@f(1971~)@4编@9xie sheng li
801  0 @aCN@b110019@c20090402
905    @aBZT@dTM306@e2
906    @dCNY16.00@n0@r1
SYS    @004143548
    
    电机实验指导书/李明星,谢胜利,朱彦利编.-北京:中国电力出版社,2009.03
    130页;26cm
    普通高等教育实验实训规划教材 电力技术类
    
    ISBN 978-7-5083-8436-8:CNY16.00
    本书共分八章,主要内容包括:实验要求、认识实验、变压器实验、直流电机实验、异步电动机实验、同步电机实验、电机拖动控制线路实验和交直流调速系统实验。
●
相关链接 在五车中查询图书 在当当中查询图书 在豆瓣中查询图书


正题名:电机实验指导书     索取号:TM306/2         预约/预借

序号 登录号 条形码 馆藏地/架位号 状态 备注
1 755610   2000755610   样本书库/样003架B面2层1列/ [索取号:TM306/2] 在馆    
2 755611   2000755611   中心书库中库/ 中库029架A面2列1层57/ [索取号:TM306/2] 在馆    
3 755612   2000755612   中心书库中库/ 中库029架A面2列1层58/ [索取号:TM306/2] 在馆    
4 755613   2000755613   中心书库中库/ 中库029架A面2列1层59/ [索取号:TM306/2] 在馆    
5 755614   2000755614   中心书库中库/ 中库029架A面2列1层55/ [索取号:TM306/2] 在馆    
6 755615   2000755615   中心书库中库/ 中库029架A面2列1层56/ [索取号:TM306/2] 在馆    
山东省滨州职业学院图书馆 欢迎您!
大连网信软件有限公司© 版权所有